Normal view
MARC view
- A.W Hughes
Entry Personal Name
001 - CONTROL NUMBER
- control field: 65224
003 - CONTROL NUMBER IDENTIFIER
- control field: NUST
005 - DATE AND TIME OF LATEST TRANSACTION
- control field: 20210628203412.0
008 - FIXED-LENGTH DATA ELEMENTS
- fixed length control field: 210628|| aca||aabn | a|a d
040 ## - CATALOGING SOURCE
- Original cataloging agency: NUST
- Transcribing agency: NUST
100 ## - HEADING--PERSONAL NAME
- Personal name: A.W Hughes
670 ## - SOURCE DATA FOUND
- Source citation: Work cat.: (NUST): A.W Hughes, The country of baluchistan, its geography, topography ethnology and history, 2002
